Estadísticas para Los 21 países más pequeños de Europa

Haz click aquí para intentar la prueba.

Estadísticas generales

  • Esta prueba ha sido intentada 94 veces
  • La puntuación promedio es 18 de 21

Estadísticas de respuestas

TamañoPaís% Correcto
0.49Ciudad del Vaticano
100%
468Andorra
99%
2,586Luxemburgo
99%
316Malta
98%
2Mónaco
96%
61San Marino
96%
160Liechtenstein
94%
45,339Estonia
93%
30,510Bélgica
91%
41,198Países Bajos
91%
64,589Letonia
90%
41,290Suiza
90%
49,036Eslovaquia
86%
20,273Eslovenia
86%
25,713Macedonia del Norte
86%
33,846Moldavia
86%
13,812Montenegro
86%
44,493Dinamarca
80%
28,748Albania
79%
56,594Croacia
74%
51,129Bosnia-Herzegovina
3%

Distribución de puntuación

Porcentaje por número respondido

Porcentaje de gente con cada puntuación

Historial de tus puntuaciones

No has intentado esta prueba.